Partial differential equations: For scientists and engineers / Stanley J. Farlow (Registro nro. 26575)

Detalles MARC
000 -LÍDER
fixed length control field 00458nam a2200133 4500
020 ## - NÚMERO INTERNACIONAL NORMALIZADO PARA LIBROS
ISBN 978-0-486-67620-3
050 ## - SIGNATURA TOPOGRAFICA DE LA BIBLIOTECA DEL CONGRESO (LC)
Número de Clasificación QA377 F37 1993
082 ## - NUMERO DE CLASIFICACION DECIMAL DEWEY
Número de Clasificación 515.353 F232p
100 ## - ASIENTO PRINCIPAL--NOMBRE PERSONAL
Nombre personal Farlow, Stanley J.
245 ## - TÍTULO
Título Partial differential equations: For scientists and engineers / Stanley J. Farlow
260 ## - PUBLICACIÓN, DISTRIBUCIÓN, ETC. (PIE DE IMPRENTA)
Lugar de publicación, distribución, etc. New York: Dover Publications,
300 ## - DESCRIPCIÓN FÍSICA
Extensión ix, 414 p. p g. varia / 24 cm.
650 ## - ASIENTO SECUNDARIO DE MATERIA - TERMINO TEMÁTICO
Término temático o nombre geográfico como elemento de entrada 1. ECUACIONES DIFERENCIALES / 2. ECUACIONES DIFERENTES PARCIALES
Existencias
No. biblioteca No. biblioteca Número de clasificación Código de barras/Número de adquisición Número de copia Tipo de material
ÁREA DE ELECTROMECÁNICA ÁREA DE ELECTROMECÁNICA 515.353 F232p 50916 1 Libros
Calzada Tecnológico # 27, Zacatepec, Morelos.
01(734) 343-07-23 / 343-21-10 / 343-21-11
Apdo. Postal 45 C.P 62780